00415nam a22001337a 4500020001800000082001700018100002100035245009000056260004100146300001900187490002600206650002900232700002000261 a9780521544634 a428.0076 JAK aJakeman, Vanessa aCambridge IELTS 4: examination papers from university of cambridge esol examinations  aUKbCambridge University Pressc2005 a176 p.eCD-ROM aIelts practice tests. aExamination Papers IELTS aMcDowell, Clare